ORGANIZATIONS STRUCTURES, PROCESSES OUT COME (Record no. 8950)
[ view plain ]
| 000 -LEADER | |
|---|---|
| fixed length control field | 00518nam a22001577a 4500 |
| 003 - CONTROL NUMBER IDENTIFIER | |
| control field | SGT |
| 020 ## - INTERNATIONAL STANDARD BOOK NUMBER | |
| International Standard Book Number | 9788177583878 |
| 082 ## - DEWEY DECIMAL CLASSIFICATION NUMBER | |
| Classification number | 302.35,HAL |
| 100 ## - MAIN ENTRY--PERSONAL NAME | |
| Personal name | HALL, RICHARD H. |
| 245 ## - TITLE STATEMENT | |
| Title | ORGANIZATIONS STRUCTURES, PROCESSES OUT COME |
| 260 ## - PUBLICATION, DISTRIBUTION, ETC. (IMPRINT) | |
| Place of publication, distribution, etc | NEW DELHI |
| Name of publisher, distributor, etc | PEARSON |
| Year of Publication | 2006 |
| 300 ## - PAGE DESCRIPTION | |
| No. of Pages | 292 |
| 650 ## - SUBJECT ADDED ENTRY--TOPICAL TERM | |
| Topical term or geographic name as entry element | MANAGEMENT |
| 653 ## - KEYWORDS--INDEX TERM | |
| Keyword term | THE NATURE OF ORGANIZATIONS, ORGANIZATIONAL STRUCTURE,ORGANIZATIONAL PROCESSES, ORGANIZATIONAL ENVIRONMENTS, ORGANIZATIONAL THEORY AND ORGANIZATIONAL EFFECTIVENESS |
| 942 ## - ADDED ENTRY ELEMENTS (KOHA) | |
| Source of classification or shelving scheme | Dewey Decimal Classification |
| Koha item type | FCM Books |
| Withdrawn status | Lost status | Source of classification or shelving scheme | Damaged status | Not for loan | Collection code | Home library | Current library | Shelving location | Date acquired | Vendor Name | SGTU | Total Checkouts | Full call number | Accession No. (Barcode) | Date last seen | Date last borrowed | Bill Date | Koha item type |
|---|---|---|---|---|---|---|---|---|---|---|---|---|---|---|---|---|---|---|
| Dewey Decimal Classification | COMMERCE MANAGEMENT | SGT Science & Social Sciences Library | SGT Science & Social Sciences Library | Text Book | 04/06/2016 | GIFT | SGTU | 1 | 302.35,HAL | CM231 | 01/08/2025 | 01/08/2025 | 04/06/2016 | FCM Books |